000 00623nam a2200229Ia 4500
001 1465
003 GE_BSU
008 181216s||||||||xx |||||||||||||| ||und||
020 _a5060016048
040 _cGE_BSU
080 _a581.1(075.8)
100 _aПолевой, В.В.
245 _aФизиология растений.
245 _bУчебник длястудентов высш.учеб. зфвед.
260 _aМосква
260 _bВысшая школа
260 _c1989
300 _a464 с. 23 см.
541 _h12 л.
653 _aФизология растений
942 _cBK
999 _c35602
_d35602